[Event "La Roda op 41st"]
[Site "La Roda"]
[Date "2014.04.20"]
[Round "9"]
[White "Claros Egea, Christian"]
[Black "Rego, Pedro Filipe"]
[Result "0-1"]
[WhiteElo "2288"]
[BlackElo "2226"]
[PlyCount "62"]
[EventDate "2014.04.16"]
[EventType "swiss"]
[EventRounds "9"]
[EventCountry "ESP"]
[SourceTitle "CBM 159 Extra"]
[Source "ChessBase"]
[SourceDate "2014.04.24"]
[SourceVersion "1"]
[SourceVersionDate "2014.04.24"]
[SourceQuality "1"]

1. e4 e5 2. Nf3 Nc6 3. Bb5 a6 4. Ba4 Nf6 5. Qe2 b5 6. Bb3 Be7 7. 0-0 d6 8. c3 0-0 9. Rd1 Na5 10. Bc2 c5 11. d4 cxd4 12. cxd4 Qc7 13. d5 Bg4 14. Bd3 Nxe4 15. Bxe4 f5 16. h3 fxe4 17. hxg4 exf3 18. gxf3 Rf7 19. Nc3 Raf8 20. Rd3 Qd7 21. Kg2 b4 22. Ne4 Qb5 23. Qd1 Nb7 24. a3 Nc5 25. Nxc5 dxc5 26. d6 Bd8 27. Rd5 Rxf3 28. Be3 Qc4 29. Rxe5 Qxg4+ 30. Kf1 Bh4 31. Ke1 Rxe3+ 0-1

[Event "La Roda op 41st"]
[Site "La Roda"]
[Date "2014.04.17"]
[Round "3"]
[White "Perez Candelario, Manuel"]
[Black "Claros Egea, Christian"]
[Result "1-0"]
[WhiteElo "2561"]
[BlackElo "2288"]
[PlyCount "79"]
[EventDate "2014.04.16"]
[EventType "swiss"]
[EventRounds "9"]
[EventCountry "ESP"]
[SourceTitle "CBM 159 Extra"]
[Source "ChessBase"]
[SourceDate "2014.04.24"]
[SourceVersion "1"]
[SourceVersionDate "2014.04.24"]
[SourceQuality "1"]

1. e4 e6 2. d4 d5 3. Nd2 Be7 4. c3 c5 5. dxc5 Nf6 6. exd5 Qxd5 7. b4 a5 8. Ngf3 0-0 9. Bc4 Qh5 10. 0-0 Nd5 11. Bxd5 Qxd5 12. a3 axb4 13. cxb4 Bf6 14. Rb1 e5 15. Qc2 Nc6 16. Bb2 Nd4 17. Nxd4 exd4 18. Qc4 Qf5 19. Bxd4 Be6 20. Qc3 Bxd4 21. Qxd4 Rfd8 22. Qb2 Rd3 23. Rfe1 h6 24. Ra1 Bd5 25. Nf1 Rb3 26. Qd4 Qg5 27. Ng3 Bc6 28. h4 Qg6 29. Re3 Rxe3 30. Qxe3 Qf6 31. Rd1 Qxh4 32. Rd4 Qf6 33. Rd3 Qa1+ 34. Kh2 Bb5 35. Rc3 Re8 36. Qc1 Qa2 37. Qf4 Qd5 38. Re3 Rd8 39. Nf5 Kh7 40. Rh3 1-0

[Event "Roquetas de Mar op 25th"]
[Site "Roquetas de Mar"]
[Date "2014.01.03"]
[Round "2"]
[White "Claros Egea, Christian"]
[Black "Movsziszian, Karen"]
[Result "1/2-1/2"]
[WhiteElo "2259"]
[BlackElo "2509"]
[PlyCount "78"]
[EventDate "2014.01.02"]
[EventType "swiss"]
[EventRounds "9"]
[EventCountry "ESP"]
[SourceTitle "CBM 158 Extra"]
[Source "ChessBase"]
[SourceDate "2014.02.28"]
[SourceVersion "1"]
[SourceVersionDate "2014.02.28"]
[SourceQuality "1"]

1. e4 g6 2. d4 Bg7 3. Nc3 d6 4. Be3 c6 5. h4 Nf6 6. f3 h5 7. Qd2 b5 8. 0-0-0 Qc7 9. Nh3 Bxh3 10. Rxh3 Nbd7 11. Kb1 a6 12. g3 Rc8 13. Qg2 c5 14. g4 Nb6 15. dxc5 dxc5 16. g5 Nfd7 17. Nd5 Nxd5 18. exd5 0-0 19. f4 Nb6 20. Bc1 c4 21. Be2 Qd7 22. Bf3 Na4 23. Rhh1 b4 24. Rhe1 Rc7 25. Rxe7 Qxe7 26. d6 Qd7 27. dxc7 Qxc7 28. Bc6 Nb6 29. f5 gxf5 30. Bf3 Rd8 31. Bxh5 Rxd1 32. Bxd1 Qd6 33. Bh5 Nd5 34. Qe2 Qe6 35. Bf3 c3 36. Qxe6 fxe6 37. Bxd5 exd5 38. bxc3 Bxc3 39. Bf4 a5 1/2-1/2

[Event "Malaga Region-ch"]
[Site "Malaga"]
[Date "2013.02.02"]
[Round "8"]
[White "Gutierrez Curras, Daniel"]
[Black "Claros Egea, Christian"]
[Result "1/2-1/2"]
[WhiteElo "2020"]
[BlackElo "2231"]
[PlyCount "73"]
[EventDate "2013.01.12"]
[EventType "swiss"]
[EventRounds "9"]
[EventCountry "ESP"]
[SourceTitle "CBM 152 Extra"]
[Source "ChessBase"]
[SourceDate "2013.02.25"]
[SourceVersion "1"]
[SourceVersionDate "2013.02.25"]
[SourceQuality "1"]

1. e4 c5 2. Nf3 d6 3. d4 cxd4 4. Nxd4 Nf6 5. Nc3 a6 6. Bg5 e6 7. f4 Nbd7 8. Qf3 Qc7 9. 0-0-0 Be7 10. Bd3 h6 11. Bh4 g5 12. fxg5 Ne5 13. Qe2 Nfg4 14. Nf3 Nxf3 15. gxf3 hxg5 16. Bg3 Ne5 17. f4 gxf4 18. Bxf4 Bd7 19. Rhf1 Rh7 20. Kb1 0-0-0 21. Qf2 Kb8 22. Be2 Rc8 23. Rd2 f6 24. Rfd1 Bc6 25. Qd4 Be8 26. Bg3 Qc5 27. Qxc5 Rxc5 28. Bd3 Bh5 29. Be2 Be8 30. Rf1 Kc7 31. Bf2 Rc6 32. Bg3 Nc4 33. Rd4 b5 34. a4 Rc5 35. axb5 axb5 36. b4 Nd2+ 37. Kb2 1/2-1/2

[Event "Malaga Region-ch"]
[Site "Malaga"]
[Date "2013.01.26"]
[Round "6"]
[White "Gonzalez Capacete, Jose Miguel"]
[Black "Claros Egea, Christian"]
[Result "1/2-1/2"]
[WhiteElo "1802"]
[BlackElo "2231"]
[PlyCount "150"]
[EventDate "2013.01.12"]
[EventType "swiss"]
[EventRounds "9"]
[EventCountry "ESP"]
[SourceTitle "CBM 152 Extra"]
[Source "ChessBase"]
[SourceDate "2013.02.25"]
[SourceVersion "1"]
[SourceVersionDate "2013.02.25"]
[SourceQuality "1"]

1. e4 c5 2. Nf3 d6 3. d4 cxd4 4. Nxd4 Nf6 5. Nc3 Nc6 6. Be3 Ng4 7. Bg5 h6 8. Bh4 g5 9. Bg3 Bg7 10. Nb3 Bxc3+ 11. bxc3 Nf6 12. Bd3 e5 13. f3 Be6 14. Qd2 Qc7 15. Rd1 Ke7 16. 0-0 Rac8 17. Be1 Rcg8 18. g3 Nd7 19. Kh1 f6 20. Qe2 Nb6 21. c4 Na4 22. Qe3 Nb2 23. Rb1 Nxc4 24. Qe2 Nb6 25. Bf2 Na4 26. Qd2 b6 27. Bb5 Nc5 28. a4 a5 29. Nxc5 dxc5 30. Bxc6 Qxc6 31. Qc3 Kf7 32. Rb5 Rb8 33. Rfb1 Qc7 34. Qb2 Bd7 35. Rxb6 Rxb6 36. Qxb6 Qxb6 37. Rxb6 Bxa4 38. Rb7+ Kg6 39. Bxc5 Bxc2 40. Ra7 a4 41. Kg2 h5 42. h3 Rc8 43. Be7 Bd3 44. Rxa4 Rc7 45. Bd8 Rc2+ 46. Kg1 Rc1+ 47. Kg2 Bf1+ 48. Kf2 h4 49. gxh4 gxh4 50. Rb4 Rd1 51. Rb6 Rxd8 52. Kxf1 Rd2 53. Kg1 Kg5 54. Rc6 Ra2 55. Rb6 Rc2 56. Ra6 Rb2 57. Rc6 Rb1+ 58. Kg2 Rb2+ 59. Kg1 Rd2 60. Rb6 f5 61. exf5 Kxf5 62. Rb4 Rd4 63. Rb2 Rd1+ 64. Kf2 Rh1 65. Kg2 Rd1 66. Kf2 Kf4 67. Rb4+ Rd4 68. Rb2 Ra4 69. Re2 Rb4 70. Rc2 Kf5 71. Ra2 Ke6 72. Ke3 Rb1 73. Ra4 Rb3+ 74. Kf2 Rb2+ 75. Ke3 Rb3+ 1/2-1/2

[Event "Malaga Region-ch"]
[Site "Malaga"]
[Date "2013.01.20"]
[Round "5"]
[White "Claros Egea, Christian"]
[Black "Cisnero Alvarez, Juan Jose"]
[Result "1/2-1/2"]
[WhiteElo "2231"]
[BlackElo "2090"]
[PlyCount "85"]
[EventDate "2013.01.12"]
[EventType "swiss"]
[EventRounds "9"]
[EventCountry "ESP"]
[SourceTitle "CBM 152 Extra"]
[Source "ChessBase"]
[SourceDate "2013.02.25"]
[SourceVersion "1"]
[SourceVersionDate "2013.02.25"]
[SourceQuality "1"]

1. e4 g6 2. d4 Bg7 3. Nc3 d6 4. Nf3 Nf6 5. Bf4 0-0 6. Qd2 c6 7. a4 Bg4 8. Be2 Qa5 9. 0-0 Bxf3 10. Bxf3 e5 11. dxe5 dxe5 12. Nd5 Qxd2 13. Nxf6+ Bxf6 14. Bxd2 Na6 15. Rfd1 Rfd8 16. Be3 Be7 17. Rxd8+ Bxd8 18. Rd1 Bb6 19. Bg5 Kg7 20. Rd6 Re8 21. Bf6+ Kg8 22. c3 Bc7 23. Rd7 Re6 24. Bd8 Rd6 25. Rxd6 Bxd6 26. b4 Kf8 27. Bg4 Ke8 28. Bg5 Nc7 29. Be3 b6 30. Kf1 c5 31. bxc5 Bxc5 32. Bxc5 bxc5 33. Ke2 Ke7 34. Kd3 a5 35. Kc4 Kd6 36. g3 f6 37. f4 Kc6 38. fxe5 fxe5 39. h4 Ne8 40. Be6 Nd6+ 41. Kd3 h6 42. Bg8 Kd7 43. g4 1/2-1/2

[Event "Roquetas de Mar op 24th"]
[Site "Roquetas de Mar"]
[Date "2013.01.03"]
[Round "2"]
[White "Cuenca Jimenez, Jose Fernando"]
[Black "Claros Egea, Christian"]
[Result "1-0"]
[WhiteElo "2479"]
[BlackElo "2231"]
[PlyCount "97"]
[EventDate "2013.01.02"]
[EventType "swiss"]
[EventRounds "9"]
[EventCountry "ESP"]
[SourceTitle "CBM 152 Extra"]
[Source "ChessBase"]
[SourceDate "2013.02.25"]
[SourceVersion "1"]
[SourceVersionDate "2013.02.25"]
[SourceQuality "1"]

1. e4 e6 2. d4 d5 3. Nc3 Bb4 4. e5 c5 5. a3 Bxc3+ 6. bxc3 Ne7 7. Qg4 Qc7 8. Qxg7 Rg8 9. Qxh7 cxd4 10. Ne2 Nbc6 11. f4 Bd7 12. Qd3 dxc3 13. Rb1 Nf5 14. Qxc3 0-0-0 15. Rg1 d4 16. Qd3 Na5 17. Rb4 a6 18. g4 Nh4 19. a4 Bc6 20. Rg3 Nf3+ 21. Rxf3 Bxf3 22. Qxf3 Qxc2 23. Bd2 Nc6 24. Rb6 Qxa4 25. Nc1 Kc7 26. Rb1 Rd5 27. Nd3 Qa3 28. h4 Rb5 29. Rc1 Kb8 30. Be2 Na5 31. Nc5 Qxf3 32. Bxf3 Nb3 33. Nxb3 Rxb3 34. Ke2 Rb2 35. h5 a5 36. Ra1 Rc8 37. Be4 b6 38. h6 Rb3 39. Bd3 Rh8 40. h7 Rxd3 41. Kxd3 Rxh7 42. Kxd4 Kb7 43. f5 Rh4 44. fxe6 fxe6 45. Rg1 Ka6 46. Be1 Rh6 47. g5 Rg6 48. Bd2 b5 49. Kc5 1-0

[Event "ESP-chT2 Gr2"]
[Site "Granada"]
[Date "2010.08.06"]
[Round "4"]
[White "Claros Egea, Christian"]
[Black "Gimeno Higueras, Roberto"]
[Result "1/2-1/2"]
[WhiteElo "2261"]
[BlackElo "2183"]
[PlyCount "81"]
[EventDate "2010.08.04"]
[EventType "team-tourn"]
[EventRounds "6"]
[EventCountry "ESP"]
[SourceTitle "CBM 137 Extra"]
[Source "ChessBase"]
[SourceDate "2010.09.01"]
[SourceVersion "1"]
[SourceVersionDate "2010.09.01"]
[SourceQuality "1"]

1. e4 e5 2. Nf3 Nf6 3. Nxe5 d6 4. Nf3 Nxe4 5. Nc3 Nxc3 6. dxc3 Be7 7. Bc4 0-0 8. 0-0 Bg4 9. h3 Bh5 10. Qd5 Bxf3 11. Qxf3 c6 12. Rd1 Nd7 13. Bf4 Qb6 14. Re1 Ne5 15. Bxe5 dxe5 16. b3 Bf6 17. Bd3 Qd8 18. Kh1 g6 19. Rad1 Qe7 20. a4 Bg7 21. a5 a6 22. Bc4 Kh8 23. Re2 f5 24. Red2 Rad8 25. Qe3 e4 26. f3 Rxd2 27. Rxd2 Rd8 28. Rxd8+ Qxd8 29. fxe4 Qd1+ 30. Qg1 Qxc2 31. exf5 Qxf5 32. Qe3 Be5 33. g4 Qb1+ 34. Kg2 Qc2+ 35. Qf2 Qxf2+ 36. Kxf2 Bxc3 37. Be6 Bxa5 38. Bc8 b5 39. Bxa6 Kg7 40. Bb7 c5 41. Ba6 1/2-1/2

[Event "ESP-ch Universities"]
[Site "Leon"]
[Date "2010.05.03"]
[Round "3"]
[White "Aloma Vidal, Roberto"]
[Black "Claros Egea, Christian"]
[Result "1-0"]
[WhiteElo "2462"]
[BlackElo "2270"]
[PlyCount "35"]
[EventDate "2010.05.03"]
[EventType "swiss"]
[EventRounds "9"]
[EventCountry "ESP"]
[SourceTitle "CBM 136 Extra"]
[Source "ChessBase"]
[SourceDate "2010.07.02"]
[SourceVersion "2"]
[SourceVersionDate "2010.07.15"]
[SourceQuality "1"]

1. d4 d5 2. c4 e6 3. Nf3 Nf6 4. g3 c6 5. Bg2 Bd6 6. 0-0 0-0 7. Nc3 Nbd7 8. Nd2 Qe7 9. e4 dxe4 10. Ndxe4 Bc7 11. Re1 Nxe4 12. Nxe4 h6 13. d5 cxd5 14. cxd5 exd5 15. Nc3 Qd8 16. Nxd5 Bd6 17. Qd4 Nc5 18. Bxh6 1-0

[Event "Malaga op 13th"]
[Site "Malaga"]
[Date "2010.02.26"]
[Round "8"]
[White "Claros Egea, Christian"]
[Black "Borrego Gil, Diego"]
[Result "1-0"]
[WhiteElo "2271"]
[BlackElo "1966"]
[PlyCount "78"]
[EventDate "2010.02.20"]
[EventType "swiss"]
[EventRounds "9"]
[EventCountry "ESP"]
[SourceTitle "CBM 135 Extra"]
[Source "ChessBase"]
[SourceDate "2010.05.04"]
[SourceVersion "1"]
[SourceVersionDate "2010.05.04"]
[SourceQuality "1"]

1. e4 g6 2. d4 Bg7 3. Nc3 b6 4. Be3 Bb7 5. Qd2 d6 6. f3 Nd7 7. Nh3 e6 8. 0-0-0 h6 9. Bc4 Qe7 10. Nf4 0-0-0 11. d5 Bxc3 12. Qxc3 e5 13. Nd3 f5 14. Qa3 fxe4 15. fxe4 a5 16. Rhe1 Ngf6 17. Bg1 Nc5 18. Bxc5 dxc5 19. Qc3 Ng4 20. h3 Qg5+ 21. Qd2 Qxd2+ 22. Rxd2 Nf6 23. Nxe5 Rde8 24. Nxg6 Rhg8 25. Nf4 Rxe4 26. Rxe4 Nxe4 27. Rd1 Rf8 28. Rf1 Nd6 29. Be2 Kb8 30. c4 Ne4 31. Bd3 Nd6 32. g4 Ba6 33. b3 Bc8 34. Kd2 Kb7 35. Ng6 Rxf1 36. Bxf1 Ne4+ 37. Ke3 Nc3 38. a4 Bd7 39. Bd3 Nd1+ 1-0

[Event "Malaga op 13th"]
[Site "Malaga"]
[Date "2010.02.24"]
[Round "6"]
[White "Claros Egea, Christian"]
[Black "James, David J"]
[Result "1/2-1/2"]
[WhiteElo "2271"]
[BlackElo "2110"]
[PlyCount "72"]
[EventDate "2010.02.20"]
[EventType "swiss"]
[EventRounds "9"]
[EventCountry "ESP"]
[SourceTitle "CBM 135 Extra"]
[Source "ChessBase"]
[SourceDate "2010.05.04"]
[SourceVersion "1"]
[SourceVersionDate "2010.05.04"]
[SourceQuality "1"]

1. e4 c5 2. Nf3 d6 3. d4 cxd4 4. Nxd4 Nf6 5. Nc3 a6 6. Bg5 e6 7. f4 Nbd7 8. Qf3 Qc7 9. 0-0-0 b5 10. Bd3 Bb7 11. Rhe1 Qb6 12. Nd5 Qxd4 13. Bxf6 gxf6 14. Bxb5 Qc5 15. b4 Qxb5 16. Nc7+ Ke7 17. Nxb5 axb5 18. Qd3 Ra6 19. e5 fxe5 20. fxe5 d5 21. Qg3 h6 22. Rf1 Bc6 23. Rd4 Rh7 24. Qh4+ Ke8 25. Qh5 Ra7 26. Rdf4 Nb6 27. Rf6 Re7 28. g4 Nc4 29. g5 Nxe5 30. gxh6 Nd7 31. Rxf7 Rexf7 32. Rxf7 Rxf7 33. h7 Bg7 34. Qg6 Nf8 35. Qxg7 Rxg7 36. h8Q Rh7 1/2-1/2

[Event "Malaga op 12th"]
[Site "Malaga"]
[Date "2009.07.16"]
[Round "7"]
[White "Larino Nieto, David"]
[Black "Claros Egea, Christian"]
[Result "1-0"]
[WhiteElo "2455"]
[BlackElo "2281"]
[PlyCount "43"]
[EventDate "2009.07.11"]
[EventType "swiss"]
[EventRounds "9"]
[EventCountry "ESP"]
[SourceTitle "CBM 131 Extra"]
[Source "ChessBase"]
[SourceDate "2009.09.03"]
[SourceVersion "2"]
[SourceVersionDate "2009.09.16"]
[SourceQuality "1"]

1. d4 d5 2. c4 e6 3. Nf3 Nf6 4. Nc3 c6 5. Bg5 dxc4 6. e4 b5 7. e5 h6 8. Bh4 g5 9. Nxg5 hxg5 10. Bxg5 Nbd7 11. g3 Bb7 12. Bg2 Qc7 13. exf6 c5 14. d5 Qe5+ 15. Qe2 b4 16. Nb5 exd5 17. Rd1 Qxe2+ 18. Kxe2 0-0-0 19. Bxd5 Re8+ 20. Kf1 Bxd5 21. Rxd5 Re5 22. Nxa7+ 1-0

[Event "ESP-ch zone 2"]
[Site "Merida"]
[Date "2008.08.19"]
[Round "2.9"]
[White "De la Torre Suarez, Angel"]
[Black "Claros Egea, Christian"]
[Result "1/2-1/2"]
[WhiteElo "2113"]
[BlackElo "2264"]
[PlyCount "57"]
[EventDate "2008.08.18"]
[EventType "swiss"]
[EventRounds "4"]
[EventCountry "ESP"]
[SourceTitle "CBM 126 Extra"]
[Source "ChessBase"]
[SourceDate "2008.11.05"]
[SourceVersion "1"]
[SourceVersionDate "2008.11.05"]
[SourceQuality "1"]

1. d4 f5 2. c4 e6 3. Nc3 Nf6 4. f3 d6 5. e4 Be7 6. Bd3 0-0 7. Nge2 fxe4 8. Nxe4 Nxe4 9. Bxe4 Nd7 10. 0-0 Nf6 11. Bc2 Qe8 12. Qd3 Qf7 13. g4 g6 14. Bh6 Re8 15. Rae1 Bf8 16. Bxf8 Kxf8 17. h3 Kg7 18. f4 Bd7 19. Ng3 Kh8 20. g5 Ng8 21. h4 Rf8 22. Re2 Ne7 23. h5 Nf5 24. Ne4 gxh5 25. Nf6 h4 26. Rh2 Qg7 27. Nxd7 Qxd7 28. Re1 Rae8 29. d5 1/2-1/2

[Event "Andalucia-ch 0708"]
[Site "Motril"]
[Date "2008.05.17"]
[Round "3"]
[White "Claros Egea, Christian"]
[Black "Perera Borrego, Mariela"]
[Result "1-0"]
[WhiteElo "2240"]
[BlackElo "1957"]
[PlyCount "91"]
[EventDate "2008.05.10"]
[EventType "swiss"]
[EventRounds "8"]
[EventCountry "ESP"]
[SourceTitle "EXT 2009"]
[Source "ChessBase"]
[SourceDate "2008.11.26"]
[SourceVersion "1"]
[SourceVersionDate "2008.11.26"]
[SourceQuality "1"]

1. e4 d6 2. d4 Nf6 3. Nc3 e5 4. Nf3 Nbd7 5. Bc4 Be7 6. 0-0 0-0 7. h3 c6 8. Bb3 b5 9. a3 a6 10. Be3 Qc7 11. Bg5 Rb8 12. Ne2 h6 13. Bxf6 Bxf6 14. c3 Re8 15. Ng3 Nf8 16. Re1 Ng6 17. Nh5 Bg5 18. Nxg5 hxg5 19. Re3 Be6 20. d5 cxd5 21. Bxd5 Bxd5 22. Qxd5 Nf4 23. Nxf4 gxf4 24. Rd3 Re6 25. b4 Kf8 26. a4 Ke7 27. axb5 axb5 28. Ra6 g6 29. Rc6 Qd7 30. c4 bxc4 31. Qxc4 Rb7 32. b5 Qd8 33. Ra3 f5 34. b6 Kf6 35. Ra7 Rxb6 36. Rc8 Rb1+ 37. Kh2 Rb4 38. Qxe6+ Kxe6 39. Rxd8 fxe4 40. Rg7 Rb6 41. Rxg6+ Kd5 42. h4 e3 43. fxe3 fxe3 44. Kg3 e4 45. h5 Rb1 46. Rgxd6+ 1-0

[Event "ESP-ch Universities"]
[Site "Madrid"]
[Date "2008.05.10"]
[Round "7"]
[White "Simonet Planas, Adrian"]
[Black "Claros Egea, Christian"]
[Result "0-1"]
[WhiteElo "2027"]
[BlackElo "2240"]
[PlyCount "52"]
[EventDate "2008.05.08"]
[EventType "swiss"]
[EventRounds "9"]
[EventCountry "ESP"]
[SourceTitle "CBM 124 Extra"]
[Source "ChessBase"]
[SourceDate "2008.07.03"]
[SourceVersion "1"]
[SourceVersionDate "2008.07.03"]
[SourceQuality "1"]

1. c4 Nf6 2. Nc3 g6 3. d4 Bg7 4. e4 d6 5. f4 0-0 6. Nf3 c5 7. d5 e6 8. Be2 exd5 9. cxd5 Re8 10. e5 dxe5 11. fxe5 Ng4 12. 0-0 Nxe5 13. Bf4 Bd7 14. Qd2 Nxf3+ 15. Bxf3 Na6 16. d6 Qa5 17. Bxb7 Rab8 18. Bd5 Nb4 19. Bb3 c4 20. Bd1 Nd3 21. Ne2 Qc5+ 22. Kh1 Nf2+ 23. Rxf2 Qxf2 24. Ng1 Qxd2 25. Bxd2 Bxb2 26. Rb1 c3 0-1

[Event "ESP-ch Universities"]
[Site "Madrid"]
[Date "2008.05.09"]
[Round "5"]
[White "Gonzalez Merino, Alberto"]
[Black "Claros Egea, Christian"]
[Result "1-0"]
[WhiteElo "2174"]
[BlackElo "2240"]
[PlyCount "63"]
[EventDate "2008.05.08"]
[EventType "swiss"]
[EventRounds "9"]
[EventCountry "ESP"]
[SourceTitle "CBM 124 Extra"]
[Source "ChessBase"]
[SourceDate "2008.07.03"]
[SourceVersion "1"]
[SourceVersionDate "2008.07.03"]
[SourceQuality "1"]

1. d4 d5 2. c4 e6 3. Nc3 Nf6 4. Bg5 c6 5. Nf3 dxc4 6. e4 b5 7. e5 h6 8. Bh4 g5 9. Nxg5 hxg5 10. Bxg5 Nbd7 11. exf6 Bb7 12. g3 Qc7 13. Bg2 c5 14. 0-0 Bxg2 15. Kxg2 Qb7+ 16. f3 0-0-0 17. dxc5 Nxc5 18. Qe2 Nd3 19. Ne4 Rd5 20. h4 Qc6 21. Rfd1 Bb4 22. a4 a5 23. axb5 Qxb5 24. Qc2 Kb7 25. Nc3 Bxc3 26. bxc3 Kc7 27. Rab1 Qc5 28. Qe2 Re5 29. Qf1 Kd6 30. Rxd3+ cxd3 31. Qxd3+ Rd5 32. Qa6+ 1-0

[Event "ESP-ch Universities"]
[Site "Madrid"]
[Date "2008.05.08"]
[Round "3"]
[White "Pina Sierra, Julia"]
[Black "Claros Egea, Christian"]
[Result "0-1"]
[WhiteElo "2101"]
[BlackElo "2240"]
[PlyCount "66"]
[EventDate "2008.05.08"]
[EventType "swiss"]
[EventRounds "9"]
[EventCountry "ESP"]
[SourceTitle "CBM 124 Extra"]
[Source "ChessBase"]
[SourceDate "2008.07.03"]
[SourceVersion "1"]
[SourceVersionDate "2008.07.03"]
[SourceQuality "1"]

1. e4 c5 2. Nf3 d6 3. d4 cxd4 4. Nxd4 Nf6 5. Nc3 a6 6. Be2 e5 7. Nb3 Be7 8. Bg5 Nbd7 9. 0-0 0-0 10. Qd2 b5 11. a3 Bb7 12. Bf3 Rc8 13. Rfe1 Qc7 14. Rad1 h6 15. Bxf6 Nxf6 16. Qe3 Bc6 17. Be2 Rb8 18. Nd5 Nxd5 19. exd5 Bd7 20. Bd3 f5 21. f3 Bg5 22. Qe2 a5 23. Kh1 a4 24. Nd2 Qc5 25. c4 b4 26. Nb1 Rb7 27. axb4 Qxb4 28. Qf2 Qxb2 29. Re2 Qb3 30. Qf1 a3 31. Bc2 Qb4 32. Bd3 Ba4 33. Rde1 Bb3 0-1

[Event "Malaga op 11th"]
[Site "Malaga"]
[Date "2008.02.28"]
[Round "7"]
[White "Tate, Emory"]
[Black "Claros Egea, Christian"]
[Result "1-0"]
[WhiteElo "2390"]
[BlackElo "2239"]
[PlyCount "59"]
[EventDate "2008.02.23"]
[EventType "swiss"]
[EventRounds "9"]
[EventCountry "ESP"]
[SourceTitle "CBM 123 Extra"]
[Source "ChessBase"]
[SourceDate "2008.05.06"]
[SourceVersion "1"]
[SourceVersionDate "2008.05.06"]
[SourceQuality "1"]

1. e4 c5 2. Nf3 e6 3. d4 cxd4 4. Nxd4 Nc6 5. Nb3 Qc7 6. f4 d6 7. c4 a6 8. Nc3 Nf6 9. Be3 Nd7 10. a3 b6 11. Rc1 Bb7 12. Be2 Be7 13. 0-0 0-0 14. Nd5 Qd8 15. Nxe7+ Qxe7 16. Bd3 Nc5 17. Bb1 e5 18. f5 f6 19. Rf3 Nd8 20. Nd2 Nf7 21. b4 Nd7 22. Rg3 Kh8 23. Qh5 Rfc8 24. Nf3 b5 25. Nh4 Kg8 26. c5 dxc5 27. bxc5 Nxc5 28. Ng6 Qd7 29. Ba2 Nb3 30. Rd1 1-0

[Event "ESP-ch Student"]
[Site "Cartagena"]
[Date "2007.05.08"]
[Round "4"]
[White "Cardona Cervera, Joaquin"]
[Black "Claros Egea, Christian"]
[Result "1/2-1/2"]
[WhiteElo "2148"]
[BlackElo "2273"]
[PlyCount "65"]
[EventDate "2007.05.06"]
[EventType "swiss"]
[EventRounds "9"]
[EventCountry "ESP"]
[SourceTitle "CBM 118 Extra"]
[Source "ChessBase"]
[SourceDate "2007.07.04"]
[SourceVersion "1"]
[SourceVersionDate "2007.07.04"]
[SourceQuality "1"]

1. e4 c5 2. Nf3 d6 3. d4 cxd4 4. Nxd4 Nf6 5. Nc3 a6 6. Be2 e5 7. Nb3 Be7 8. 0-0 0-0 9. Be3 Nbd7 10. f4 b6 11. Bf3 Bb7 12. Qe1 Qc7 13. Rd1 b5 14. a3 Nb6 15. Nd2 Nfd7 16. Qf2 exf4 17. Bxf4 Ne5 18. Be2 Bf6 19. Be3 Nbd7 20. Bd4 Nc5 21. Nd5 Bxd5 22. exd5 Ncd7 23. c3 Ng6 24. Bd3 Bxd4 25. Qxd4 Nf6 26. Nf3 Qa7 27. Bxg6 hxg6 28. Rfe1 Qxd4+ 29. Nxd4 Rfe8 30. Nc6 Rxe1+ 31. Rxe1 Nxd5 32. Ne7+ Nxe7 33. Rxe7 1/2-1/2

[Event "ESP-ch Student"]
[Site "Cartagena"]
[Date "2007.05.07"]
[Round "2"]
[White "Jimenez Lopez, Antonio"]
[Black "Claros Egea, Christian"]
[Result "1-0"]
[WhiteElo "2131"]
[BlackElo "2273"]
[PlyCount "66"]
[EventDate "2007.05.06"]
[EventType "swiss"]
[EventRounds "9"]
[EventCountry "ESP"]
[SourceTitle "CBM 118 Extra"]
[Source "ChessBase"]
[SourceDate "2007.07.04"]
[SourceVersion "1"]
[SourceVersionDate "2007.07.04"]
[SourceQuality "1"]

1. e4 c5 2. Nf3 d6 3. c3 Nf6 4. h3 Nbd7 5. Bd3 g6 6. 0-0 Bg7 7. Bc2 Qc7 8. Re1 0-0 9. d4 e5 10. dxe5 dxe5 11. Nbd2 Rd8 12. Qe2 Nf8 13. Nc4 Nh5 14. Qf1 h6 15. g3 Be6 16. Ne3 c4 17. Kh2 Nd7 18. Nh4 Nb6 19. Neg2 Qc8 20. Ne3 Qd7 21. a4 a5 22. Bd1 Nf6 23. Qg2 Qc6 24. Nf1 Nfd7 25. Be3 Nc5 26. Bxc5 Qxc5 27. f4 exf4 28. gxf4 Qc7 29. Qf2 g5 30. Nf5 gxf4 31. Qg1 Bxf5 32. exf5 Qc6 33. Bf3 Qf6 1-0

[Event "ESP-ch U18"]
[Site "Banos de Montemayor"]
[Date "2006.07.12"]
[Round "8"]
[White "Claros Egea, Christian"]
[Black "Hidalgo Duque, Carlos"]
[Result "1-0"]
[WhiteElo "2228"]
[BlackElo "2130"]
[PlyCount "53"]
[EventDate "2006.07.08"]
[EventType "swiss"]
[EventRounds "9"]
[EventCountry "ESP"]
[SourceTitle "EXT 2007"]
[Source "ChessBase"]
[SourceDate "2006.11.23"]
[SourceVersion "1"]
[SourceVersionDate "2006.11.23"]
[SourceQuality "1"]

1. e4 c5 2. Nf3 d6 3. d4 cxd4 4. Nxd4 Nf6 5. Nc3 a6 6. Bg5 e6 7. f4 Nbd7 8. Qf3 Qc7 9. 0-0-0 Be7 10. g4 b5 11. Bxf6 Nxf6 12. g5 Nd7 13. Nf5 exf5 14. Nd5 Qd8 15. exf5 Bb7 16. Qc3 0-0 17. f6 Bxd5 18. Rxd5 gxf6 19. gxf6 Bxf6 20. Rg1+ Kh8 21. Qh3 Bg7 22. Bd3 f5 23. Bxf5 Nf6 24. Bxh7 Nxh7 25. Rh5 Ra7 26. Rxh7+ Kg8 27. Qh5 1-0

[Event "ESP-ch U18"]
[Site "Banos de Montemayor"]
[Date "2006.07.11"]
[Round "6"]
[White "Claros Egea, Christian"]
[Black "Antoli Royo, Joaquin Miguel"]
[Result "1-0"]
[WhiteElo "2228"]
[BlackElo "2210"]
[PlyCount "69"]
[EventDate "2006.07.08"]
[EventType "swiss"]
[EventRounds "9"]
[EventCountry "ESP"]
[SourceTitle "EXT 2007"]
[Source "ChessBase"]
[SourceDate "2006.11.23"]
[SourceVersion "1"]
[SourceVersionDate "2006.11.23"]
[SourceQuality "1"]

1. e4 c5 2. Nf3 d6 3. c3 Nf6 4. h3 Nbd7 5. Bd3 b6 6. 0-0 Bb7 7. Re1 Qc7 8. b3 e6 9. Bb2 Be7 10. Bc2 Rc8 11. Na3 0-0 12. Rc1 Qb8 13. d4 Rfd8 14. Nd2 e5 15. d5 Nf8 16. g3 Ng6 17. Rf1 h5 18. f4 Ba6 19. c4 h4 20. f5 Nf8 21. gxh4 Rd7 22. Kh2 Qc7 23. Rg1 Qd8 24. Nf3 Ne8 25. Qe1 Nh7 26. Bd1 Kf8 27. Qg3 Rb7 28. Be2 Qd7 29. Rg2 Ra8 30. Rcg1 Bd8 31. Bc1 Nhf6 32. Ng5 Ke7 33. h5 Bc7 34. Qh4 Kd8 35. Nh7 1-0